Sara no circo (Registo nº 1806)

Detalhes MARC
000 -Etiqueta do registo
Cabeçalho 00741nam a22002651 4500
005 - Identificador da versão
Campo de controlo 20240813121916.0
095 ## -
-- 57846
100 ## - Dados gerais de processamento
Dados gerais de processamento 19980410d1976 c y1pory5003 ba
102 ## - Pais de publicação ou produção
País de publicação Portugal
101 1# - Língua de publicação
Língua do texto, banda sonora, etc. Português
Língua do documento no original Francês
106 ## - Campo de dados codificados: material textual
Dados codificados do material textual r
105 ## - Campo de dados codificados: livros
Dados codificados dos livros a z 000fy
215 ## - Descrição física 
Indicação específica da natureza do documento e extensão da espécie [30] p.
Outras indicações físicas muito il.
Dimensões 24 cm
200 1# - Titulo e menção de responsabilidade
Título próprio Sara no circo
Primeira menção de responsabilidade texto e il. Jean Sidobre
Outras menções de responsabilidade trad. Cristina Figueirinhas
225 2# - Colecção 
Título próprio da colecção Sara
Indicação de volume 8
210 ## - Publicação, Distribuição, etc. 
Lugar da edição, distribuição, etc. Porto
Nome do editor, distribuidor, etc. Figueirinhas
Data da publicação, distribuição, etc. imp. 1976
606 ## - Nome comum usado como assunto
Número de registo de entrada de autoridade 0000001
Palavra de ordem Literatura estrangeira infantil
Subdivisão de assunto Conto
675 ## - Classificação Decimal Universal (CDU)
Notação 82-34
Edição
Língua da edição por
702 #1 - Nome de autor-pessoa física (responsabilidade secundária)
Número de registo de entrada de autoridade 0000324
Palavra de ordem Figueirinhas
Outra parte do nome não tomada para palavra de ordem Cristina
Código de função Tradutor
700 #1 - Nome de autor-pessoa física (responsabilidade principal)
Número de registo de entrada de autoridade 0000323
Palavra de ordem Sidobre
Outra parte do nome não tomada para palavra de ordem Jean
942 ## - Elementos de entrada adicionados (Koha)
Tipo de item no Koha Livro
Exemplares
Situação do levantamento Origin of item (home branch) (coded) Biblioteca de empréstimo Código de barras Cota Circulation type (not for loan) Tipo de documento Nota do exemplar Damaged status
  Biblioteca Escolar da Coca Maravilhas Biblioteca Escolar da Coca Maravilhas BECM4005/98 8EST SID   Livro Sem mensagem